Délmagyarország. - 1911. január 28., Szombat
Elmentve itt :
| Dokumentumtípus: | Újság |
|---|---|
| Megjelent: |
1911-01-28
|
| Sorozat: | Délmagyarország
2 No. 23 |
| Online Access: | http://dmarchiv.bibl.u-szeged.hu/214 |
| LEADER | 00483nas a2200145 i 4500 | ||
|---|---|---|---|
| 001 | delm214 | ||
| 005 | 20200414143336.0 | ||
| 008 | 171213s1911 hu n o 0|| hun d | ||
| 022 | |a 0133-025X | ||
| 040 | |a SZTE Délmagyarország Archívum |b hun | ||
| 041 | |a hun | ||
| 245 | 0 | 0 | |a Délmagyarország. - 1911. január 28., Szombat |h [elektronikus dokumentum] |
| 260 | |c 1911-01-28 | ||
| 490 | 0 | |a Délmagyarország |v 2 No. 23 | |
| 856 | 4 | 0 | |u http://dmarchiv.bibl.u-szeged.hu/214/1/dm_1911_023.pdf |z Dokumentum-elérés |